[Event "Nikaia op 14th"]
[Site "Nikaia"]
[Date "2006.08.??"]
[Round "1"]
[White "Hakki, Imad"]
[Black "Tsangaris, Iraklis Haralambos"]
[Result "1-0"]
[WhiteElo "2447"]
[BlackElo "1520"]
[PlyCount "73"]
[EventDate "2006.08.??"]
[EventType "swiss"]
[EventRounds "9"]
[EventCountry "GRE"]
[SourceTitle "EXT 2008"]
[Source "ChessBase"]
[SourceDate "2007.11.25"]
[SourceVersion "1"]
[SourceVersionDate "2007.11.25"]
[SourceQuality "1"]

1. Nf3 Nf6 2. c4 c5 3. Nc3 Nc6 4. d4 cxd4 5. Nxd4 g6 6. e4 d6 7. Be2 Bg7 8. Be3 Bd7 9. 0-0 0-0 10. Qd2 Rc8 11. f3 b6 12. Rac1 h5 13. Nxc6 Bxc6 14. Rfd1 Bb7 15. Kh1 Ba6 16. b3 Nd7 17. Nd5 Bb7 18. Bg5 Bxd5 19. cxd5 Rc5 20. b4 Rxc1 21. Rxc1 f6 22. Be3 Qb8 23. Qc2 Qd8 24. Qc7 a5 25. a3 f5 26. Bb5 Ne5 27. Qxd8 Rxd8 28. Bxb6 Rf8 29. bxa5 fxe4 30. fxe4 Ng4 31. a6 Ne5 32. a7 Bh6 33. Rf1 Ra8 34. h3 Bd2 35. Bd4 Ba5 36. Ba6 Bc3 37. Bg1 1-0